000 00936nam a2200241 i 4500
001 145092
003 ES-MaACL
005 20250810092542.0
007 t|
008 070214s1931 fr r ||||1| fre d
100 1 _aSommer, Edouard.
_9107269
245 1 0 _aLexique latin-français
_b: a l'usage des classes élémentaires : extrait du Dictionnaire latin-français de MM. Quicherat et Daveluy /
_cE. Sommer ; revue et augmenté des principaux noms historiques et geographiques par Emile Châtelain.
250 _a37ème éd.
260 _aParis :
_bHachette,
_c1931.
300 _aVI, 472 p. ;
_c22 cm.
650 0 4 _aLengua latina-
_vDiccionarios-
_xFrancés.
_914296
650 4 _aLengua francesa-
_vDiccionarios-
_xLatín.
_914212
700 1 _aQuicherat, Louis-Marie,
_d1799-1884
_994607
700 1 _aChatelain, Emile.
_938182
700 1 _aDaveluy, Amédée.
_942859
852 _aES-MaACL
_jA-1207
999 _c145092
_d145092